000 00214nam a2200109 4500
082 _aUSD
100 _aUSDA
245 _aDrainage Manual
260 _aNew Delhi:
_bOxford,
_c1978.
300 _a269p. ;
942 _cBK
999 _c10445
_d10445